000 00605nam a2200205 a 4500
001 78930
003 BD-RjUL
005 20211209083206.0
008 211130s194? pak||||| |||| 00| 0 urd d
035 _a(BD-RjUL)79157
040 _aBD-RjUL
_beng
_cBD-RjUL
041 _aurd/ara
082 _223
_a297.12503
_bWAL 194?
100 _aوحيد الزمان ;; Wahidujjaman
_9250121
245 1 _aلغات الحدىث ;; Lugat al Hadith /
_cوحيد الزمان ;; Wahidujjaman
300 _av. ;
_c25 cm
505 _aVol. 3. 'كتاب 'س.--
650 _aHadith
_vDictionary
_9250799
942 _2ddc
_cBK
999 _c78930
_d78930